Fungal Flora of Korea (Registro nro. 20168)

Detalles MARC
000 -CABECERA
Campo de control 00938nas a2200241 a 4500
005 - FECHA Y HORA DE LA ULTIMA TRANSACCION
Campo de control 20180424065605.0
008 - ELEMENTOS DE LONGITUD FIJA—INFORMACION GENERAL
Campo de control 180423s2015 ko u|m|r|||| 00| 0 eng d
040 ## - FUENTE DE CATALOGACIÓN
Agencia catalogadora original CO-BoIAVH
Agencia transcriptora CO-BoIAVH
041 0# - IDIOMA
Código de idioma para texto/pista de sonido o título separado Inglés
044 ## - PAÍS DE PUBLICACIÓN
País de publicación Corea (Sur)
245 00 - MENCION DE TITULO
Título Fungal Flora of Korea
260 ## - PUBLICACION, DISTRIBUCION, ETC. (PIE DE IMPRENTA)
Lugar de publicación, distribución, etc. Incheon (Corea del Sur) :
Nombre del editor, distribuidor, etc. National Institutte of Biological Resources,
Fecha de publicación, distribución, etc. 2015.
300 ## - DESCRIPCION FISICA
Otros detalles físicos ilustraciones (algunas a color) ;
Dimensiones 28 cm.
310 ## - FRECUENCIA ACTUAL DE LA PUBLICACIÓN
Frecuencia actual de la publicación Desconocido
321 ## - FRECUENCIA ANTERIOR DELA PUBLICACIÓN
Frecuencia anterior de la publicación Otro
500 ## - NOTA GENERAL
Nota general Serie Flora and Fauna of Korea
650 26 - ASIENTO SECUNDARIO DE MATERIA - TERMINO TEMATICO
Término temático o nombre geográfico como elemento de entrada Flora
Subdivisión geográfica Corea del Sur
Subdivisión de forma Publicaciones periódicas
9 (RLIN) 90947
650 26 - ASIENTO SECUNDARIO DE MATERIA - TERMINO TEMATICO
Término temático o nombre geográfico como elemento de entrada Flora
Subdivisión general Taxonomía
Subdivisión geográfica Corea del Sur
Subdivisión de forma Publicaciones periódicas
9 (RLIN) 90948
650 26 - ASIENTO SECUNDARIO DE MATERIA - TERMINO TEMATICO
Término temático o nombre geográfico como elemento de entrada Botánica
Subdivisión geográfica Corea del Sur
Subdivisión de forma Publicaciones periódicas
9 (RLIN) 90949
650 26 - ASIENTO SECUNDARIO DE MATERIA - TERMINO TEMATICO
Término temático o nombre geográfico como elemento de entrada Fitogenética
Subdivisión geográfica Corea del Sur
Subdivisión de forma Publicaciones periódicas
9 (RLIN) 90950
710 2# - ASIENTO SECUNDARIO - NOMBRE CORPORATIVO
Nombre corporativo o de jurisdicción como elemento de entrada República de Corea
Unidad subordinada Ministry of Environment
-- National Institute of Biological Resources
9 (RLIN) 90951
942 ## - ELEMENTOS ADICIONALES (KOHA)
Sistema de clasificación Local
Tipo de ítem Periodica o revista
Existencias
Withdrawn status Lost status Sistema de Clasificación Damaged status No para préstamo Colección Fecha publicación (Año) Volumen revista Número revista Ubicación Permanente Ubicación actual Fecha de adquisición Datos de publicación Seriada Total Checkouts Número topográfico Inventario / Código de Barras Date last seen Ejemplar Price effective from Forma de adquisición Tipo de material Public note
    Local     Hemeroteca 2015 1 2 Bogotá Bogotá 23/04/2018 Vol 1, Nro 2 (01/03/2015)   SE 043107 23/04/2018 Ej. 1 23/04/2018 Donación Periodica o revista Alternaria and Allied Genera.
    Local     Hemeroteca 2015 1 3 Bogotá Bogotá 23/04/2018 Vol 1, Nro 3 (03/12/2015)   SE 043106 23/04/2018 Ej. 1 23/04/2018 Donación Periodica o revista Penicillium.